Précis d'économie politique (Record no. 89382)

MARC details
000 -LEADER
campo de control de longitud fija 00667nam a2200181 i 4500
001 - NÚMERO DE CONTROL
campo de control 89382
003 - IDENTIFICADOR DE NÚMERO DE CONTROL
campo de control ES-MaACL
005 - FECHA Y HORA DE LA ÚLTIMA TRANSACCIÓN
campo de control 20230906180147.0
007 - CAMPO FIJO DE DESCRIPCIÓN FÍSICA--INFORMACIÓN GENERAL
campo de control de longitud fija t|
008 - DATOS DE LONGITUD FIJA--INFORMACIÓN GENERAL
campo de control de longitud fija 050110s1929 fr ||||1| fre d
100 1# - ENTRADA PRINCIPAL--NOMBRE DE PERSONA
Nombre de persona Lapidous, Iosif Abramovitch.
9 (RLIN) 70150
245 10 - MENCIÓN DEL TÍTULO
Título Précis d'économie politique
Resto del título : l'économie politique et la théorie de l'économie soviétique /
Mención de responsabilidad, etc. Y. Lapidus et K. Ostrovitianov ; traduit du russe par Victor Serge.
260 ## - PUBLICACIÓN, DISTRIBUCIÓN, ETC.
Lugar de publicación, distribución, etc. París :
Nombre del editor, distribuidor, etc. Editions Sociales Internationales,
Fecha de publicación, distribución, etc. 1929.
300 ## - DESCRIPCIÓN FÍSICA
Extensión 468 p. ;
Dimensiones 23 cm.
700 1# - ENTRADA AGREGADA--NOMBRE PERSONAL
Nombre de persona Ostrovitianov, Konstantin Vasil'evich.
9 (RLIN) 87826
700 1# - ENTRADA AGREGADA--NOMBRE PERSONAL
Nombre de persona Serge, Victor.
9 (RLIN) 105542
852 ## - LOCALIZACIÓN
Ubicación ES-MaACL
Número de control de estantería A-3395
Holdings
Estatus retirado Estado de pérdida Estado de daño No para préstamo Biblioteca de origen Biblioteca actual Ubicación en estantería Fecha de adquisición Fuente de adquisición Total de préstamos Signatura topográfica completa Código de barras Visto por última vez Precio de reemplazo Tipo de ítem Koha
        Biblioteca del Ateneo de Madrid Biblioteca del Ateneo de Madrid Sala Pecera Planta 1 17/01/2008     A-3395 1093351 23/02/2023 23/02/2023 Libro impreso